000 00375nam a22001697a 4500
005 20160618144231.0
008 160618b xxu||||| |||| 00| 0 eng d
020 _a0-07-463843-2
041 _aeng
082 _b8173
100 _aRao, P.N.
_9888
245 _aManufacturing Technology
260 _bTMH
_c2004
300 _a428
650 _aManagement
_9241
942 _cBK
999 _c3127
_d3126